| 000 | 00489nam a22001937a 4500 | ||
|---|---|---|---|
| 003 | CEME | ||
| 005 | 20210628210730.0 | ||
| 008 | 210212b xxu||||| |||| 00| 0 eng d | ||
| 020 | _a81-85617-81-5 | ||
| 040 | _c. | ||
| 082 | _a670.42 CHA | ||
| 100 |
_aChapman, w.a.j _910212 |
||
| 245 | _aWorkshop technology - part-1 an introductory course | ||
| 250 | _a5TH | ||
| 260 |
_aNEW DELHI _bVIVA BOOKS _c2000 |
||
| 300 | _a409P | ||
| 650 |
_aWORKSHOP TECHNOLOGY _962971 |
||
| 942 |
_cBK _2ddc |
||
| 999 |
_c585633 _d585633 |
||